[Event "2FoglarVeterans_SIM_A"]
[Site "?"]
[Date "2006.??.??"]
[Round "11"]
[White "Janos, Jozef"]
[Black "Kriksciunas, Bronislavas"]
[Result "1/2-1/2"]
[WhiteElo "2395"]
[BlackElo "2307"]
[PlyCount "143"]
[EventDate "2006.??.??"]
[EventType "corr"]
[EventRounds "1"]
[SourceDate "2007.05.16"]

1. d4 Nf6 2. Nf3 c5 3. d5 b5 4. c4 g6 5. cxb5 a6 6. e3 Bg7 7. Nc3 O-O 8. a4 Bb7
9. Ra3 e6 10. dxe6 fxe6 11. Qd6 axb5 12. Bxb5 Bxf3 13. gxf3 Qc8 14. h4 Qb7 15.
Rh3 Rf7 16. h5 Nxh5 17. Ne4 Bf8 18. Qh2 Qb6 19. Ng5 Rg7 20. Rd3 c4 21. Rd4 Na6
22. Rxc4 Bd6 23. f4 Nc7 24. Qg2 Rb8 25. Ne4 Nxb5 26. axb5 Bxf4 27. exf4 d5 28.
Rc6 Qxb5 29. Rhc3 dxe4 30. Rc8+ Rxc8 31. Rxc8+ Kf7 32. Qxe4 Nf6 33. Qe5 Qd5 34.
Qc7+ Nd7 35. Qd8 e5 36. fxe5 Qe4+ 37. Kf1 Qd3+ 38. Kg1 Qd1+ 39. Kh2 Qh5+ 40.
Kg3 Qxe5+ 41. Bf4 Qe7 42. Qc7 g5 43. Be3 h5 44. b4 Qe6 45. b5 Rg6 46. Qc4 h4+
47. Kg2 g4 48. Rc6 Qxc4 49. Rxc4 Ke7 50. Rc8 Nb6 51. Bc5+ Kd7 52. Rh8 h3+ 53.
Kg3 Nc4 54. Rh7+ Kc8 55. Kf4 Rg8 56. Ba7 Rg6 57. Kf5 Rg8 58. b6 Nxb6 59. Bxb6
g3 60. fxg3 Rxg3 61. Bc7 Rf3+ 62. Bf4 Rb3 63. Ke6 Rc3 64. Be5 Rc6+ 65. Kd5 Rg6
66. Rxh3 Ra6 67. Bd6 Kb7 68. Rh7+ Kb6 69. Bc5+ Kb5 70. Rb7+ Ka5 71. Bd6 Ra8 72.
Bb8 1/2-1/2